| 000 | 01318nam a2200241 i 4500 | ||
|---|---|---|---|
| 001 | 163086 | ||
| 003 | ES-MaACL | ||
| 005 | 20250809063530.0 | ||
| 008 | 931025s1737 fr f |||| | fre d | ||
| 100 | 1 |
_aRéaumur, René Antoine Ferchault de, _d1683-1757 _9153964 |
|
| 245 | 1 | 0 |
_aMemoires pour servir a l'histoire des insectes / _cpar M. de Reaumur... ; Tome troisieme, histoire des vers mineurs des Fenilles, des Teigues, des Fansses Teigues, des pucerons, des ennemis des pucerons, des Faux pucerons & l'histoire des Galles des plantes, & de leurs insectes. |
| 260 |
_aa Paris : _bde l'imprimerie royale, _c1737. |
||
| 300 |
_a4], XL, 532 p., 47] h. de grab. pleg. ; _c4º. |
||
| 530 | _aDisponible en formato digital. | ||
| 597 | _aSign. : []2, a-e4, A-Z4, 2A-2Z4, 3A-3V4, 3X2. | ||
| 597 | _aPort. con esc. xil. | ||
| 599 | _aGrab. calc. en comienzo de texto. | ||
| 599 | _aLas h. de grab. pleg. calc. : "Simmoneau sculp" ; "Cl. Lucas sculp.", dibujos de insectos y plantas afectadas por ellos. | ||
| 650 | 7 |
_aInsectos _2embne _913823 |
|
| 852 | 4 |
_aES-MaACL _jR-1123-28 _z- Enc. pasta española _z- Ex-libris de la Biblioteca Real _xOlim:G-12039-44 |
|
| 856 | 4 |
_uhttps://hdl.handle.net/11441/120523 _zDepósito de Investigación Universidad de Sevilla |
|
| 999 |
_c163086 _d163086 |
||